01014nam a2200313Ia 450000500170000000800590001702000180007602000150009404100080010910000390011724500350015625000220019130000250021349000190023850000550025765000390031265000440035165000390039565000350043465000380046994200150050726400290052233600270055133700330057833800280061104000350063908400110067499900150068520220317001659.000003022014 ck g spa 0000000000spa00 a9789584238009 a9584238000 aspa1 aRosero Diago, Evelio Joséd1958-14aLos ejércitoscEvelio Rosero aPrimera edición a203 páginasc21 cm aAndanzas ; 629 aIncluye datos biográficos del autor en la solapa142LEMBaNovela colombianaxSiglo XXI142LEMBaLiteratura colombiana ySiglo XXI142LEMBaDesplazados por la violencia142LEMBaGuerra en la literatura 142LEMBaViolencia en la literatura  2loccBKLIT aBogotábTusquetsc2014 atextobtxt2rdacontent asin mediaciónbn2rdamedia avolumenbnc2rdacarrier aCO-BoRNBPbspaerdacCO-BoRNBP aN ROS2 c7760d7760